[Event "GER-chT U10"]
[Site "Magdeburg"]
[Date "2016.12.29"]
[Round "6.4"]
[White "Kuhlmann, Nils Magnus"]
[Black "Leonard, Amanda"]
[Result "1-0"]
[WhiteElo "600"]
[BlackElo "600"]
[PlyCount "39"]
[EventDate "2016.12.27"]
[EventType "team-swiss"]
[EventRounds "7"]
[EventCountry "GER"]
[SourceTitle "EXT 2018"]
[Source "ChessBase"]
[SourceDate "2017.10.13"]
[SourceVersion "1"]
[SourceVersionDate "2017.10.13"]
[SourceQuality "1"]
[WhiteTeam "Graefenhainichen"]
[BlackTeam "Hemer"]
[WhiteTeamCountry "GER"]
[BlackTeamCountry "GER"]

1. e4 e5 2. Nf3 Nc6 3. Bc4 Bc5 4. Nxe5 Nxe5 5. d4 Nc6 6. dxc5 Nf6 7. Bd5 0-0 8. 0-0 Nxd5 9. exd5 Na5 10. Bd2 b6 11. b4 Nb7 12. c6 dxc6 13. dxc6 Nd6 14. Bf4 Nf5 15. Nc3 Qe8 16. Re1 Be6 17. b5 Qb8 18. Qg4 Re8 19. Rad1 Qc8 20. h3 1-0